[Event "Montigny le Bretonneux op 20th"]
[Site "Montigny le Bretonneux"]
[Date "2022.10.28"]
[Round "7"]
[White "Bisson, Bernard"]
[Black "Yu, Etan"]
[Result "0-1"]
[WhiteElo "1228"]
[BlackElo "1199"]
[PlyCount "74"]
[EventDate "2022.10.22"]
[EventType "swiss"]
[EventRounds "9"]
[EventCountry "FRA"]
[SourceTitle "EXT 2024"]
[Source "ChessBase"]
[SourceDate "2023.10.10"]
[SourceVersion "1"]
[SourceVersionDate "2023.10.10"]
[SourceQuality "1"]

1. e4 c5 2. Nc3 Nc6 3. Nf3 e6 4. d3 d6 5. Be2 Nf6 6. 0-0 Be7 7. Rb1 0-0 8. Be3 Bd7 9. Bd2 Qc7 10. Qc1 Rfe8 11. a3 Rad8 12. Nb5 Qc8 13. Re1 a6 14. Nc3 Qc7 15. Nd1 h6 16. Ne3 b5 17. c3 d5 18. exd5 Nxd5 19. Nxd5 exd5 20. Bf4 Bd6 21. Be3 Bf5 22. Qd2 c4 23. Rbc1 Bh7 24. d4 Re6 25. Bd1 Rde8 26. b3 f5 27. bxc4 bxc4 28. Ba4 f4 29. Bxc6 fxe3 30. fxe3 Qxc6 31. Ne5 Bxe5 32. Qf2 Rf8 33. Qxf8+ Kxf8 34. Rf1+ Kg8 35. Rf2 Bf6 36. Rb2 Bg5 37. Rb8+ Re8 0-1

[Event "Montigny le Bretonneux op 20th"]
[Site "Montigny le Bretonneux"]
[Date "2022.10.25"]
[Round "4"]
[White "Marillonnet, Paul"]
[Black "Bisson, Bernard"]
[Result "1-0"]
[WhiteElo "1278"]
[BlackElo "1228"]
[PlyCount "51"]
[EventDate "2022.10.22"]
[EventType "swiss"]
[EventRounds "9"]
[EventCountry "FRA"]
[SourceTitle "EXT 2024"]
[Source "ChessBase"]
[SourceDate "2023.10.10"]
[SourceVersion "1"]
[SourceVersionDate "2023.10.10"]
[SourceQuality "1"]

1. d4 d5 2. c4 c6 3. Nc3 Nf6 4. Nf3 Nbd7 5. Bg5 h6 6. Bh4 Qc7 7. e3 e6 8. Bd3 Be7 9. 0-0 e5 10. cxd5 cxd5 11. Rc1 a6 12. Nxd5 Qd8 13. Nc7+ Kf8 14. dxe5 Ng4 15. Bxe7+ Qxe7 16. Nxa8 Qd8 17. Nc7 Kg8 18. h3 Ngxe5 19. Nxe5 g6 20. Nxd7 Bxd7 21. Qf3 Rh7 22. Nd5 Rg7 23. Nf6+ Kh8 24. Nxd7 Qxd7 25. Rcd1 Kh7 26. Bxg6+ 1-0

[Event "Montigny le Bretonneux op 20th"]
[Site "Montigny le Bretonneux"]
[Date "2022.10.24"]
[Round "3"]
[White "Ganbat, Tushig"]
[Black "Bisson, Bernard"]
[Result "1-0"]
[WhiteElo "1309"]
[BlackElo "1228"]
[PlyCount "85"]
[EventDate "2022.10.22"]
[EventType "swiss"]
[EventRounds "9"]
[EventCountry "FRA"]
[SourceTitle "EXT 2024"]
[Source "ChessBase"]
[SourceDate "2023.10.10"]
[SourceVersion "1"]
[SourceVersionDate "2023.10.10"]
[SourceQuality "1"]

1. e4 e5 2. Nf3 Nc6 3. c3 Nf6 4. Qc2 Bc5 5. h3 0-0 6. b4 Be7 7. Be2 d5 8. d3 d4 9. b5 Na5 10. c4 Bb4+ 11. Bd2 Qe7 12. 0-0 b6 13. Bxb4 Qxb4 14. Nxe5 Qc5 15. Nf3 Nd7 16. Qb2 Rd8 17. Qxd4 Qxd4 18. Nxd4 Nf6 19. Nf3 Nb7 20. Nc3 a6 21. bxa6 Rxa6 22. d4 Ra3 23. Nb5 Ra5 24. e5 Nh5 25. Nxc7 Nf4 26. Rfe1 Nxe2+ 27. Rxe2 Bf5 28. Re3 h6 29. d5 Nc5 30. e6 fxe6 31. dxe6 Nxe6 32. Nxe6 Bxe6 33. Rxe6 Rc8 34. Rxb6 Rxc4 35. Nd2 Rc8 36. Nb3 Ra4 37. Rb5 Ra7 38. a4 Rac7 39. a5 Rc2 40. a6 Re8 41. a7 Ree2 42. a8Q+ Kh7 43. Nd4 1-0